Word Scramble - Fish - Statistics

General Stats
  • This quiz has been taken 98 times
  • The average score is 8 of 10
Answer Stats
Gibberish Fish % Correct
ele Eel
100%
oik Koi
100%
dco Cod
94%
rcap Carp
93%
lshgoifd Goldfish
92%
aunt Tuna
91%
crrabadua Barracuda
90%
rrginhe Herring
82%
ttour Trout
78%
kmao harks Mako Shark
76%
lsmona Salmon
74%
shcowlinf Clownfish
70%
fylttubershfi Butterflyfish
69%
argte htiwe krhas Great White Shark
63%
cakmreel Mackerel
56%
szhrbfiae Zebrafish
25%
No matching quizzes found
Score Distribution
Percent of People with Each Score
Percentile by Number Answered
Your Score History
You have not taken this quiz